000 01455cam a2200445 a 4500
001 9204660
005 20170105102350.0
006 m o d
007 cr zn|
008 110902s2009 caua sf 001 0 eng d
020 _z9781430227489 (pbk.)
020 _z1430227486 (pbk.)
020 _a9781430227496 (electronic)
035 _a(CtWfDGI)bks00033971
035 _a(NNC)9204660
040 _aCtWfDGI
_beng
_cCtWfDGI
050 1 4 _aTJ211
_b.C654 2009eb
082 0 4 _a629.892
_222
100 1 _aCook, David
_q(David Alan)
245 1 0 _aRobot building for beginners
_cDavid Cook
250 _a2nd ed.
256 _aComputer document.
260 _aBerkeley, Calif. :
_bApress,
_cc2009
_e(Norwood, Mass. :
_fBooks24x7.com [generator])
300 _axxxiv, 453 p.
_bill:,
_c25 cm.
500 _aTitle from title screen.
500 _aIncludes index.
516 _aText.
530 _aAvailable also in a print ed.
538 _aMode of access: Internet via World Wide Web.
550 _aDigitized and made available by: Books24x7.com.
650 0 _aRobots
_xDesign and construction
_vAmateurs' manuals.
650 0 _aRobotics
_vAmateurs' manuals.
655 7 _aElectronic books.
_2lcsh
655 0 _aElectronic books.
700 1 _aPreston, Scott.
_4rev
710 2 _aBooks24x7, Inc.
856 4 0 _uhttp://www.columbia.edu/cgi-bin/cul/resolve?clio9204660
_zClick here for full text.
942 _2ddc
_cBK
999 _c11906
_d11906